000 00670nam a2200277Ia 4500
005 20260324125411.0
008 008 260324s9999 xx 000 0 eng d
020 _a9780203092248
037 _aEBOOK
040 _aCRL
040 _beng
040 _cCRL
041 _2eng
041 _aeng
084 _qCRL
100 _aFranz Brentano
_91089643
245 4 _aThe Origin of Our Knowledge of Right and Wrong (Routledge Revivals)
260 _bTaylor and Francis
260 _c2009
365 _a
365 _b240
856 _uhttp://www.taylorfrancis.com/books/9780203092248
942 _cEBOOK
999 _c1773059
_d1773059